000 01049cam a2200313 i 4500
008
020 _a9780323222754 (pbk.)
049 _aMAIN
090 _aQR185.5
_bABB
100 1 _aAbbas, Abul K.
245 1 0 _aCellular and molecular immunology /
_cAbul K. Abbas ; Andrew H. Lichtman and Shiv Pillai ; illustrations by David L. Bakerand Alexandra Baker.
250 _a8th ed.
260 _aPhiladelphia, PA :
_bElsevier Saunders,
_c2015.
300 _aviii, 535 p. :
_bill. (chiefly col.) ;
_c28 cm.
500 _aIncludes index.
504 _aIncludes bibliographical references.
650 1 2 _aImmunity, Cellular.
650 2 2 _aAntibody Formation
_ximmunology.
650 2 2 _aAntigens
_ximmunology.
650 2 2 _aImmune System Diseases
_ximmunology.
650 2 2 _aLymphocytes
_ximmunology.
700 1 _aLichtman, Andrew H.
700 1 _aPillai, Shiv.
907 _a.b10372441
_b26-02-18
_c29-03-16
003
005 20230123141105.0
040 _cNUST
942 _cBOOKS
_kQR185.5
_mABB
999 _c167496
_d167496